000 00803nam a2200241Ia 4500
003 OSt
005 20220923212004.0
006 a|||||r|||| 00| 0
007 ta
008 220922b |||||||| |||| 00| 0 san d
024 _a77,577
037 _cTextual
040 _aARTS
_cARTS
_bsan
041 _2san
_asan
082 _aR6941x4,3, 15N2
100 _aतिवारी, महेश, सम्प
245 0 _aपरमत्थ विनिच्छयो
_b अनुरूद्ध प्रणीत
246 _aParamattha vinichchhayo: anurūddha praṇīta
260 _aदिल्ली
_b पालि
_c1992
300 _a40पृ.
_ccm.
942 _hR6941x4,3, 15N2
_cTEXL
_2CC
999 _c305192
_d305192